Регионална библиотека "Любен Каравелов" - Русе

Машиностроение (Запис номер 418173)

MARC детайли
000 -Лидер
Контролно поле с фиксирана дължина nam a22 a 4500
003 - Код на организацията, давaща контролен номер
Контролно поле BLK
005 - Дата и час на последна редакция
Контролно поле 20210607092917.0
008 - Елементи от данни с фиксирана дължина
fixed length control field 210517b bu |||||r|||| 00| 0 bu d
040 ## - Източник на каталожния запис
Идентификатор на билиотеката - собственик на записа BLK
041 ## - Код за език
Код за езика на текст/звукозапис или на отделно заглавие Руски
Код за езика КДБФ Руски
080 ## - УДК
Текстов определител УДК Общо машиностроене. Ядрена техника. Електротехника. Технология на машиностроенето в цялост
УДК код - определител по УДК 621
УДК - код + определител 621(031)
139 ## - Редно поле
Редна дума Машиностроение
245 ## - Сведения за заглавието
Заглавие Машиностроение
Подзаглавни данни Энц. справочник
Редно поле (дума) Под ред. Е. А. Чудакова (предс.) и др.
Том Раздел 4, Т. 9.
Заглавие на том Конструирование машин
257 ## - Страна на издаване
Страна на създаване/издаване СССР
260 ## - Област на издателските данни
9 (RLIN) 212459
Място на издаване, разпространение и проч. Москва
Име на издателя, разпространителя и проч. Машгиз
Година на издаване [1944 -]
300 ## - Физическа характеристика
Размери/Мащаб 26 см
380 ## - Жанр
Жанр Техника
650 #0 - Допълнително описание по предмет – тема
9 (RLIN) 282826
Основно описание – тема или топоним Машиностроене - справочници
653 #7 - Ключова дума – ненормативна
9 (RLIN) 190685
Ключова дума машиностроене
653 #7 - Ключова дума – ненормативна
9 (RLIN) 186344
Ключова дума енциклопедии
700 ## - Други автори (авторска отговорност)
9 (RLIN) 747
Лично име Чудаков, Евгений Алексеевич
Автороска отговорност (Описва отношението между автора и произведението) отв. ред.
760 ## - Описание на основната серия
Издание 1950
Място на издаване, издател и година Москва : Машгиз
Страници - том ХІІ, 1208 с. : сх., табл.
Част - том Раздел 4, Т. 9.
Заглавие Конструирование машин
852 ## - Местоположение
Форматна сигнатура Цб 6.265.39904
Фондова буква Основен фонд - ползва се само за читалня
999 ## - СИСТЕМНИ КОНТРОЛНИ НОМЕРА
Koha biblionumber 418173
Koha biblioitemnumber 418173
942 ## - АРТИКУЛИ
Вид на библиотечния материал Книги
Скрит в OPAC Не
Периодичен библиозапис Да
944 ## - СЪЗДАВАНЕ И РЕДАКЦИЯ на ЗАПИСА
Създаване/Редакция Създаване
Дата на регистрацията/редакция 2021-06-07
Служител, извършил регистрацията/редакцията Кети
Наличности
Код за отписване Код за изгубен артикул Източник на класификационната схема Код за повреда Коз за рестрикции Код за отдаване Артикулен № Име на библиотеката - собственик Име на библиотеката, в която се намира в момента Статус (Текущо местоположение) Дата на вписване в системата Местоположение - отдел Цена в лева Инвентарен номер Систематично азбучна сигнатура Баркод Цена в евро Служебен тип на артикула
  Не е изгубен Universal Decimal Classification Не е повреден само за читалня ползва се в читалня 835198 Регионална библиотека "Любен Каравелов" Русе Регионална библиотека "Любен Каравелов" Русе Хранилище 2021-06-08 Основен фонд - ползва се само за читалня 3.60 4748/59 Цб 6.265.39904 900000063537 1.84 Книги
Vip Innovations Ltd, Rousse, Bulgaria 2025